The New Testament documents, are they reliable? / (Record no. 4411)
[ view plain ]
| 000 -LEADER | |
|---|---|
| fixed length control field | 01043nam a2200301Ia 4500 |
| 001 - CONTROL NUMBER | |
| control field | 18299 |
| 003 - CONTROL NUMBER IDENTIFIER | |
| control field | GBCCL |
| 005 - DATE AND TIME OF LATEST TRANSACTION | |
| control field | 20241126110518.0 |
| 008 - FIXED-LENGTH DATA ELEMENTS--GENERAL INFORMATION | |
| fixed length control field | 770127s1960 ilu b 000 0 eng d |
| 020 ## - INTERNATIONAL STANDARD BOOK NUMBER | |
| International Standard Book Number | 080281025X |
| 035 ## - SYSTEM CONTROL NUMBER | |
| System control number | (OCoLC)02704180 |
| 040 ## - CATALOGING SOURCE | |
| Original cataloging agency | EZC |
| Transcribing agency | EZC |
| Modifying agency | m.c. |
| -- | LBB |
| 049 ## - | |
| -- | LBBK |
| 082 ## - DEWEY DECIMAL CLASSIFICATION NUMBER | |
| Classification number | 225.1 |
| Item number | BRU |
| 090 ## - LOCALLY ASSIGNED LC-TYPE CALL NUMBER (OCLC); LOCAL CALL NUMBER (RLIN) | |
| Classification number (OCLC) (R) ; Classification number, CALL (RLIN) (NR) | BS2332 |
| Local cutter number (OCLC) ; Book number/undivided call number, CALL (RLIN) | .B7 1960 |
| 092 0# - LOCALLY ASSIGNED DEWEY CALL NUMBER (OCLC) | |
| Classification number | 225.12 |
| Item number | B886, 1960 |
| Edition number | 20 |
| 100 1# - MAIN ENTRY--PERSONAL NAME | |
| Personal name | Bruce, F. F. |
| Fuller form of name | (Frederick Fyvie), |
| Dates associated with a name | 1910- |
| 9 (RLIN) | 1999 |
| 245 14 - TITLE STATEMENT | |
| Title | The New Testament documents, are they reliable? / |
| Statement of responsibility, etc. | F. F. Bruce. |
| 250 ## - EDITION STATEMENT | |
| Edition statement | 5th rev. ed. |
| 260 ## - PUBLICATION, DISTRIBUTION, ETC. | |
| Place of publication, distribution, etc. | Downers Grove, Ill. : |
| Name of publisher, distributor, etc. | InterVarsity Press, |
| Date of publication, distribution, etc. | 1960. |
| 300 ## - PHYSICAL DESCRIPTION | |
| Extent | 120 p. ; |
| Dimensions | 18 cm. |
| 500 ## - GENERAL NOTE | |
| General note | Previous ed. has title: Are the New Testament documents reliable? |
| 504 ## - BIBLIOGRAPHY, ETC. NOTE | |
| Bibliography, etc. note | Includes bibliographical references. |
| 630 00 - SUBJECT ADDED ENTRY--UNIFORM TITLE | |
| Uniform title | Bible. |
| Name of part/section of a work | N.T. |
| General subdivision | Evidences, authority, etc. |
| 9 (RLIN) | 589 |
| 700 11 - ADDED ENTRY--PERSONAL NAME | |
| Personal name | Bruce, F. F. |
| Fuller form of name | (Frederick Fyvie), |
| Dates associated with a name | 1910- |
| Title of a work | Are the New Testament documents reliable? |
| 9 (RLIN) | 8273 |
| 740 01 - | |
| -- | Are the New Testament documents reliable? |
| 942 ## - ADDED ENTRY ELEMENTS (KOHA) | |
| Source of classification or shelving scheme | Dewey Decimal Classification |
| Koha item type | Books |
| Koha issues (borrowed), all copies | 5 |
| Withdrawn status | Lost status | Source of classification or shelving scheme | Damaged status | Not for loan | Home library | Current Library | Shelving location | Date acquired | Total checkouts | Total renewals | Full call number | Barcode | Date last seen | Date last checked out | Copy number | Price effective from | Koha item type |
|---|---|---|---|---|---|---|---|---|---|---|---|---|---|---|---|---|---|
| Dewey Decimal Classification | GRACE BIBLE COLLEGE | GRACE BIBLE COLLEGE | Biblical Studies | 2018-01-22 | 5 | 2 | 225.1 BRU | 009855 | 2025-05-01 | 2022-02-21 | c.1 | 2018-01-22 | Books |